| 000 | 01954cam a2200433 a 4500 | ||
|---|---|---|---|
| 999 |
_c529982 _d529982 |
||
| 001 | 15225472 | ||
| 003 | NUST | ||
| 005 | 20191008123628.0 | ||
| 008 | 080319s2008 dcua bt f000 0 eng c | ||
| 010 | _a 2008925357 | ||
| 020 | _a9780309098083 (pbk.) | ||
| 035 | _a(OCoLC)ocn270769912 | ||
| 038 | _aMSOHAIL | ||
| 040 |
_aJCR _cJCR _dOHDOT _dIQU _dDLC |
||
| 042 | _apcc | ||
| 050 | 0 | 0 |
_aTE203 _b.A67 2008 |
| 082 | _a0 | ||
| 245 | 0 | 0 |
_aApplications of illuminated, active, in-pavement marker systems / _cconsultants: Jodi L. Carson ... [et al.]. |
| 246 | 3 | 0 | _aIlluminated, active, in-pavement marker systems |
| 260 |
_aWashington, D.C. : _bTransportation Research Board, _c2008. |
||
| 300 |
_a70 p. : _bcol. ill. ; _c28 cm. |
||
| 490 | 0 |
_aNCHRP synthesis, _x0547-5570 ; _v380 |
|
| 500 | _a"A synthesis of highway practice." | ||
| 500 | _aAt head of title: National Cooperative Highway Research Program. | ||
| 504 | _aIncludes bibliographical references (p. 44-45). | ||
| 530 | _aAlso available online. | ||
| 536 |
_aResearch sponsored by the American Association of State Highway and Transportation Officials in cooperation with the Federal Highway Administration _fNCHRP project 20-5, topic 38-13 |
||
| 650 | 0 |
_aRoad markings. _921187 |
|
| 650 | 0 |
_aRoads _xLighting. _920007 |
|
| 700 | 1 |
_aCarson, Jodi L. _q(Jodi Louise) _922505 |
|
| 710 | 2 |
_aNational Research Council (U.S.). _bTransportation Research Board. _923149 |
|
| 710 | 2 |
_aNational Cooperative Highway Research Program. _920864 |
|
| 710 | 2 |
_aAmerican Association of State Highway and Transportation Officials. _919553 |
|
| 710 | 1 |
_aUnited States. _bFederal Highway Administration. _920149 |
|
| 856 | 4 | 1 |
_3TRB access _uhttp://onlinepubs.trb.org/onlinepubs/nchrp/nchrp_syn_380.pdf |
| 906 |
_a7 _bcbc _cpccadap _d2 _encip _f20 _gy-gencatlg |
||
| 942 |
_2ddc _cBK |
||